[Event "Bundesliga 1112"]
[Site "Germany"]
[Date "2011.11.19"]
[Round "4.4"]
[White "Swinkels, Robin"]
[Black "Gonda, Laszlo"]
[Result "1/2-1/2"]
[WhiteElo "2494"]
[BlackElo "2520"]
[Annotator "RR"]
[PlyCount "66"]
[EventDate "2011.10.14"]
[EventType "team-tourn"]
[EventRounds "15"]
[EventCountry "GER"]
[SourceTitle "CBM 146"]
[Source "ChessBase"]
[SourceDate "2012.01.18"]
[SourceVersion "1"]
[SourceVersionDate "2012.01.18"]
[SourceQuality "1"]
[WhiteTeam "Remagen"]
[BlackTeam "Trier"]
[WhiteTeamCountry "GER"]
[BlackTeamCountry "GER"]

1. c4 Nf6 2. g3 c6 3. Bg2 d5 4. Nf3 dxc4 5. O-O Na6 6. Na3 Qd5 7. Ne1 Qd4 8.
Qa4 Nd7 9. Nec2 Qg4 10. Nxc4 Qxe2 11. Re1 Qh5 12. b4 e6 13. Bb2 Nc7 14. Nd4 Nb6
15. Nxb6 axb6 16. Qc2 Bd7 17. Nf5 Nd5 $6 (17... f6 18. a3 b5 $11) 18. b5 Nb4
19. Qe4 Qg6 20. a3 Nd5 21. bxc6 bxc6 22. Qc2 $6 (22. Nxg7+ Bxg7 23. Qxg6 $11)
22... Kd8 $17 23. Nd4 Qxc2 24. Nxc2 f6 25. Nd4 e5 26. Nc2 Bd6 27. d4 Re8 28.
dxe5 Bxe5 29. Nd4 Bxd4 30. Rxe8+ Bxe8 31. Bxd4 b5 32. Bc5 Bf7 33. Re1 Ra4
1/2-1/2

[Event "Cappelle op 31st"]
[Site "Cappelle la Grande"]
[Date "2015.03.01"]
[Round "2"]
[White "Mastrovasilis, Athanasios"]
[Black "Azarov, Sergei Nikolaevich"]
[Result "1/2-1/2"]
[WhiteElo "2506"]
[BlackElo "2635"]
[Annotator "RR"]
[PlyCount "105"]
[EventDate "2015.02.28"]
[EventType "swiss"]
[EventRounds "9"]
[EventCountry "FRA"]
[SourceTitle "EXT 2016"]
[Source "ChessBase"]
[SourceDate "2015.10.08"]
[SourceVersion "1"]
[SourceVersionDate "2015.10.08"]
[SourceQuality "1"]

1. Nf3 d5 2. g3 c6 3. Bg2 Bg4 (3... Bf5) 4. c4 (4. Ne5 Bf5 5. c4 {[%csl Rb7]
[%cal Gd1b3]} (5. d3 {[%cal Ge2e4]})) 4... e6 5. cxd5 (5. O-O Nf6) (5. Qb3 Qb6)
5... exd5 6. O-O Nf6 7. d3 Bxf3 {Une nouveauté dans cet ordre de coups mais
en fait, c'est une simple transposition} 8. Bxf3 Nbd7 9. Nc3 Bc5 (9... d4 10.
Ne4 Be7 11. Nxf6+ Nxf6 12. b4 O-O 13. Qb3 Nd5 14. b5 Qd7 15. Bd2 Bf6 16. bxc6
bxc6 17. Qc4 Rab8 18. Rab1 Nc3 19. Rb3 Qe6 20. Qxc6 Nxe2+ 21. Kg2 Qxc6 22. Bxc6
Nc3 23. Bf4 Rxb3 24. axb3 g5 25. Bd2 Rc8 26. Bf3 a5 27. Ra1 Rc5 28. Bb7 Re5 29.
Kf1 Rb5 30. Ba6 Rxb3 31. Rxa5 Rb1+ 32. Kg2 h6 33. h4 gxh4 34. Bxh6 hxg3 35.
fxg3 Rb2+ 36. Kf3 Bd8 37. Rc5 Rb6 38. Rc8 Rxh6 39. Rxd8+ {Bachmann,A (2629)
-Nakamura,H (2776) Caleta 2015 1/2-1/2}) 10. Qc2 $5 $146 (10. e4 dxe4 11. dxe4
O-O 12. Qc2 Qe7 13. Bg2 Rfe8 14. Kh1 Bd4 15. Bd2 Qc5 16. f3 h5 17. Rae1 Rad8
18. f4 h4 19. gxh4 Qh5 20. Ne2 Bb6 21. Ng3 Qxh4 22. Nf5 Qh7 23. Bc3 Re6 24. e5
Nh5 25. Be4 Qh8 26. Qe2 Rde8 27. Qf3 Nc5 28. Bc2 Rg6 29. Nh4 Rh6 30. f5 Nf4 31.
Qxf4 Rxh4 32. Qg3 Bc7 33. Re2 Rh3 34. Qg1 Rxc3 35. bxc3 Rxe5 36. Rxe5 Bxe5 37.
f6 Ne6 38. Bb3 Ng5 39. Rf5 Bxf6 {Bocharov,D (2567)-Pridorozhni,A (2533)
Khanty-Mansiysk 2014 1/2-1/2 (74)}) 10... O-O 11. Na4 (11. e4 Ne5 {[%csl Rd3]})
11... Bd6 12. e4 Re8 (12... Ne5 $5 {[%csl Rd3]}) 13. Bg2 Qe7 14. Bd2 dxe4 15.
dxe4 Rad8 16. Rae1 (16. Rfe1 {[%cal Ga1d1]}) 16... Ne5 17. Re2 b5 18. Nc3 Bc5
19. Nd1 (19. Bg5) 19... Bb6 20. Ne3 Qe6 21. b3 Rd3 $1 {Les pièces Noires sont
plus actives} 22. Kh1 (22. Nf5 $142 Red8 23. Bc3 {[%cal Ge2d2]}) 22... Red8 23.
Bc1 b4 24. Rd2 R8d7 (24... Bxe3 25. Rxd3 Nxd3 26. Bxe3 Nxe4 {Les Blancs ont la
paire de B mais un P est un P}) 25. Rxd3 Nxd3 26. f3 Qe5 27. Bd2 Qd4 28. Bh3
Rd8 29. Nc4 Nxe4 $1 30. Be3 (30. fxe4 Qxe4+ 31. Bg2 Nf2+ 32. Rxf2 Qxc2) 30...
Qc3 31. Qxc3 Nxc3 32. Nxb6 axb6 33. Bxb6 Rb8 (33... Ra8 34. Bf5 {[%csl Gf5]})
34. Bc7 Rb7 35. Bd6 g6 36. Ra1 Nb5 37. Bf1 Rd7 38. Bxd3 Rxd6 39. Bxb5 cxb5 40.
Rc1 Rd3 (40... Rd2 41. Rc5 Rxa2 42. Rxb5 Rf2 43. f4 Rb2 44. Rxb4 Kg7 $44 {
[%csl Gb2,Rb4,Rh1]}) 41. f4 h5 $1 42. Rc5 Rd1+ 43. Kg2 Rd2+ 44. Kh3 Rxa2 45.
Rxb5 Rb2 46. Rxb4 {La position des R permet aux Noirs d'annuler} Kg7 47. Rb7
Kf6 48. b4 Kg7 {Les blancs ne peuvent pas progresser} 49. b5 Kf6 50. b6 Kg7 51.
Rb8 Kf6 52. b7 Kf5 (52... Kg7) 53. Re8 1/2-1/2

[Event "EU-chT (Men) 18th"]
[Site "Porto Carras"]
[Date "2011.11.04"]
[Round "2.1"]
[White "Tikkanen, Hans"]
[Black "Giri, Anish"]
[Result "0-1"]
[WhiteElo "2586"]
[BlackElo "2714"]
[Annotator "RR"]
[PlyCount "80"]
[EventDate "2011.11.03"]
[EventType "team-swiss"]
[EventRounds "9"]
[EventCountry "GRE"]
[SourceTitle "CBM 146"]
[Source "ChessBase"]
[SourceDate "2012.01.18"]
[SourceVersion "1"]
[SourceVersionDate "2012.01.18"]
[SourceQuality "1"]
[WhiteTeam "Sweden"]
[BlackTeam "Netherlands"]
[WhiteTeamCountry "SWE"]
[BlackTeamCountry "NED"]

1. Nf3 d5 2. g3 c6 3. c4 dxc4 4. Bg2 Nf6 5. O-O Nbd7 6. Na3 Nb6 7. Qc2 Be6 8.
Ng5 Bg4 9. f3 Bh5 10. Nxc4 e5 11. Kh1 Nfd5 12. d3 Be7 13. Ne4 Qc7 14. a3 O-O
15. b4 Kh8 16. Bd2 Nd7 17. Na5 f5 18. Nc5 Nxc5 19. bxc5 f4 20. Rfc1 Be8 21. Qb3
Rb8 22. Rab1 Bd7 23. Qb2 b5 24. Nb3 Rbe8 25. Ba5 Qb8 26. Nd2 fxg3 27. hxg3 Bg5
28. Ne4 Be3 $1 29. Bd2 Bd4 30. Qc2 $6 (30. Qa2 Be6 31. Qc2 $17) 30... Rf5 31.
g4 Qd8 32. Be1 Re6 33. Qd2 Rf4 34. Bf2 {[%tqu "En","","","","f4e4","",10]} Rxe4
$1 35. e3 Rxe3 36. Rb4 Rxd3 $1 37. Qxd3 $2 (37. Rxd4 Rxd2 38. Rxd2) 37... Bxf2
$19 38. Qf1 Rh6+ 39. Bh3 Qh4 40. Rb2 Ne3 0-1

[Event "RUS Cup final"]
[Site "Magnitogorsk"]
[Date "2011.11.16"]
[Round "2.2"]
[White "Maletin, Pavel"]
[Black "Kovalenko, Igor"]
[Result "1-0"]
[WhiteElo "2568"]
[BlackElo "2584"]
[Annotator "RR"]
[PlyCount "119"]
[EventDate "2011.11.13"]
[EventType "k.o."]
[EventRounds "4"]
[EventCountry "RUS"]
[SourceTitle "CBM 146"]
[Source "ChessBase"]
[SourceDate "2012.01.18"]
[SourceVersion "1"]
[SourceVersionDate "2012.01.18"]
[SourceQuality "1"]

1. c4 c6 2. Nf3 d5 3. e3 Nf6 4. Nc3 e6 5. Qc2 Nbd7 6. b3 b6 7. Be2 Bb7 8. Bb2
Rc8 9. d4 Bb4 10. a3 Bxc3+ 11. Qxc3 O-O 12. Rd1 Qe7 13. O-O c5 14. cxd5 Nxd5
15. Qd3 Rfd8 16. Rc1 N5f6 17. Rfd1 h6 18. Qb1 cxd4 19. Nxd4 Nc5 20. b4 Be4 21.
Qa1 Na4 22. b5 Qb7 $6 (22... Nxb2 23. Qxb2 Rc5 $11) 23. Nc6 $16 Rxd1+ 24. Bxd1
Nxb2 {[%tqu "En","","","","c6e7","",10]} 25. Ne7+ $1 Kh7 26. Nxc8 Nd3 27. Nd6
Qd5 28. Nxe4 Nxe4 29. Rc2 Qxb5 30. Be2 Qb3 31. Bxd3 Qxd3 32. Rc7 Kg6 33. Rxa7
Qd2 34. Qf1 h5 35. Rb7 Qb2 36. h3 Nc5 37. Ra7 Qc2 38. Rc7 Qb2 39. a4 Ne4 40.
Rd7 Nc5 41. Rd4 e5 42. Rd6+ f6 43. Rc6 Qb4 44. Rc7 Qxa4 45. Qb1+ e4 46. Rc8 Qa5
47. Rc6 Nd3 48. Rxb6 Qd2 49. Qf1 h4 50. Re6 Kf5 51. Re7 g5 52. g4+ Kg6 $2 53.
Rxe4 $18 Ne1 54. f4 Qd5 55. Qc4 Qd8 56. Kf2 Nd3+ 57. Kf1 Nc5 58. Rd4 Qf8 59.
Rd5 Nb7 60. Qd3+ 1-0

[Event "FIDE World Cup"]
[Site "Baku"]
[Date "2015.09.29"]
[Round "6.4"]
[White "Karjakin, Sergey"]
[Black "Eljanov, Pavel"]
[Result "1-0"]
[WhiteElo "2762"]
[BlackElo "2717"]
[Annotator "Ramirez Alvarez,A"]
[PlyCount "109"]
[EventDate "2015.09.11"]
[EventType "k.o."]
[EventRounds "7"]
[EventCountry "AZE"]
[SourceTitle "CBM 169"]
[Source "ChessBase"]
[SourceDate "2015.11.10"]
[SourceVersion "1"]
[SourceVersionDate "2015.11.10"]
[SourceQuality "1"]

1. Nf3 d5 2. g3 Bg4 3. Bg2 c6 4. c4 e6 5. cxd5 Bxf3 6. Bxf3 cxd5 7. O-O Nc6 8.
d4 Nf6 9. Nc3 Be7 10. e3 O-O 11. Bd2 Rc8 12. Rc1 Nd7 13. Ne2 Nb6 14. Nf4 Nc4
15. Bc3 Bb4 16. b3 Nb6 17. Bb2 Qe7 18. Nd3 Ba3 19. Bxa3 Qxa3 20. Nc5 Rc7 21.
Nxb7 Rxb7 22. Rxc6 Qxa2 23. Qd3 Nd7 24. Rb1 a5 25. Bd1 Nf6 26. Bc2 g6 27. f3
Qa3 28. Qc3 Qb4 29. Qxb4 axb4 30. Ra1 h5 31. h4 Re8 32. Kf2 Ree7 33. Ke2 Rec7
34. Rxc7 Rxc7 35. Kd2 Rb7 36. Ra8+ Kg7 37. Bd3 Nd7 {Black is solid, but
passive. Karjakin starts opening up the position for his bishop. Even though
this looks drawish to the naked idea, a deeper inspection shows that this is
just unpleasant for Black.} 38. e4 dxe4 39. Bxe4 Rb6 40. Ra4 e5 41. Ke3 Kf6 42.
dxe5+ {Not afraid of the symmetrical pawn structures. The bishop is superior
to the knight and b4 is weak, Karjakin will work with this.} Kxe5 43. Ra5+ Kd6
44. Kd4 Rb8 45. Bd5 $1 {Dominating the board.} f6 46. Ra6+ Ke7 47. f4 Nb6 (
47... Nf8 {is uncomfortable to play but maybe a better try. It's hard to
imagine Black will hold on once he loses b4, though.}) 48. Ra7+ Kd6 49. Bf7 {
The Russian player made it look easy! Black's position is already falling
apart.} Rc8 50. Ra6 Kc6 51. Bxg6 Kb7 52. Ra5 Rc3 53. Be4+ Kb8 54. Rb5 Ka7 55.
Rxh5 {Simply too many pawns, and Black can't even grab b3 yet.} 1-0

[Event "Olympiad-32"]
[Site "Yerevan"]
[Date "1996.09.30"]
[Round "13.2"]
[White "Nalbandian, Tigran"]
[Black "Johansen, Darryl Keith"]
[Result "1-0"]
[WhiteElo "2490"]
[BlackElo "2500"]
[Annotator "Rogers,I"]
[PlyCount "121"]
[EventDate "1996.09.15"]
[EventType "team-swiss"]
[EventRounds "14"]
[EventCountry "ARM"]
[SourceTitle "CBM 055"]
[Source "ChessBase"]
[SourceDate "1996.12.01"]
[SourceVersion "1"]
[SourceVersionDate "1996.12.01"]
[SourceQuality "1"]
[WhiteTeam "Armenia II"]
[BlackTeam "Australia"]
[WhiteTeamCountry "ARM"]
[BlackTeamCountry "AUS"]

1. Nf3 Nf6 2. g3 d5 3. Bg2 c6 4. O-O Bg4 5. c4 e6 6. cxd5 Bxf3 7. Bxf3 cxd5 8.
Nc3 Nc6 9. d4 Be7 10. b3 Qa5 11. Bb2 O-O 12. a3 Rac8 13. b4 Qd8 14. e3 Nb8 15.
e4 {The only try for an advatage but it should not really worry Black.} dxe4
16. Nxe4 Nd5 17. Qe2 b6 18. b5 Qd7 19. Rfc1 Rxc1+ 20. Rxc1 Rc8 21. Rxc8+ Qxc8
22. Qd3 a6 23. Nd2 axb5 24. Qxb5 Qc6 25. Qb3 Na6 26. Nc4 Nac7 27. Ne5 Qe8 28.
a4 g6 29. Qc2 Bf8 30. h4 Qe7 31. Qc6 h5 $2 {An unnecessary weakness in a
position where White had no real threats.} (31... Qb4 {was quite playable, e.g.
} 32. Qd7 ({or} 32. Bc1 Qc3) 32... Qe7) 32. Bc1 $1 Bg7 33. Bg5 Bf6 34. Bxf6
Qxf6 35. Bxd5 $1 Nxd5 36. Qe8+ Kg7 37. Nd7 Qf5 {All of a sudden Black is in
serious difficulties and had only seconds left on the clock.} ({The awkward
text move is forced since} 37... Qe7 {loses a pawn}) ({and} 37... Qxd4 {
loses f and e pawns, at least.}) 38. Qf8+ Kh7 39. Ne5 Nc3 $1 40. Kg2 $1 (40.
Nxf7 {gives Black perpetual check but 40.Kg2 is so strong that Johansen almost
lost on time trying to find a reasonable reply.}) 40... Ne2 41. Nf3 $1 Nf4+ ({
The resulting queen ending is lost but} 41... f6 42. Qe7+ Kg8 43. Qd8+ Kg7 44.
Qxb6 {is also hopeless.}) 42. gxf4 Qg4+ 43. Kf1 Qxf3 44. Qxf7+ Kh6 45. Qxe6
Qd1+ 46. Kg2 Qxd4 47. Qe5 $1 Qd7 48. Qh8+ Qh7 49. Qxh7+ Kxh7 50. Kf3 Kg7 51.
Ke4 Kf6 52. Kd5 Kf5 53. Kc6 Kxf4 54. Kxb6 g5 55. a5 g4 56. a6 Kf3 57. a7 Kxf2
58. a8=Q g3 59. Qd5 g2 60. Qxh5 g1=Q $5 61. Qc5+ 1-0

[Event "Zuerich op-A 29th"]
[Site "Zuerich"]
[Date "2005.12.28"]
[Round "4"]
[White "Roiz, Michael"]
[Black "Warakomski, Tomasz"]
[Result "1-0"]
[WhiteElo "2600"]
[BlackElo "2396"]
[Annotator "Roiz,M"]
[PlyCount "75"]
[EventDate "2005.12.26"]
[EventType "swiss"]
[EventRounds "7"]
[EventCountry "SUI"]
[SourceTitle "CBM 110 Extra"]
[Source "ChessBase"]
[SourceDate "2006.03.10"]
[SourceVersion "2"]
[SourceVersionDate "2006.03.10"]
[SourceQuality "1"]

1. Nf3 d5 2. g3 Nf6 3. Bg2 c6 4. O-O ({After} 4. c4 {4...Bg4 is not so good,
but white has also to deal with} dxc4) 4... Bg4 {Black has a lot of
possibilities here, but this way of development is the most common against
white's set-up.} 5. c4 e6 6. cxd5 exd5 {That pawn structure is normal for
black, but at least it leads to a complicated play, while I had already some
experience of playing such positions.} ({I was a bit worried about} 6... cxd5
$5) ({Or even} 6... Bxf3 7. Bxf3 cxd5) 7. d3 Nbd7 8. h3 Bxf3 {Black prefers to
exchange the bishop immediately.} (8... Bh5 {is a principal alternative.}) 9.
Bxf3 Bc5 {Provoking the d3-d4 advancement which makes the pawn structure fixed.
} ({Other possible ways of development are:} 9... Bd6) ({and} 9... Be7) 10. Bg2
{This loss of a tempo is necessary anyway, since white's plan is advancing the
king-side pawns.} (10. Nc3 O-O 11. Qc2 Re8 12. Bg2 Rc8 13. a3 Qe7 14. Bd2 Bb6
15. Rae1 Nc5 16. e3 Ne6 17. Ne2 Qd7 18. Kh2 $14 {1-0 Anastasian,A-Avrukh,B/
Istanbul 2003/CBM 096 (32)}) 10... O-O 11. e3 $5 $146 {White's position is
very flexible - now the d5-d4 advancement can be met by e3-e4, followed by a
king-side attack. On the other hand, black has no clear plan of counterplay.} (
11. Nc3 Re8 12. Rb1 a5 (12... d4 13. Ne4 Nxe4 14. Bxe4 Qe7 $11) 13. a3 Qe7 14.
Bd2 h6 15. Kh2 Bd4 $6 16. e3 Bc5 17. Ne2 $14 {1-0 Kunte,A-Goloshchapov,A/
Calcutta 2000/CBM 074 ext (32)}) 11... Re8 12. Qc2 Bb6 13. Kh1 {Waiting with
the development of Nb1.} Qc7 14. Re1 ({Possible was also:} 14. e4 $5 dxe4 15.
dxe4 Nc5 16. Nc3 Ne6 {[%cal Ge6d4]} 17. Ne2 Rad8 18. f4 $14 {with slighty
better perspectives, but I didn't want to force the matters at this stage of
the game.}) 14... Nf8 {That manoevre seems to be pointless.} ({After} 14... Qe5
15. Nd2 Qf5 16. Nf3 Ne5 17. Nxe5 Rxe5 18. Kg1 Rae8 19. Bd2 $14 {[%cal Gb2b4,
Ga2a4] white's position would be a bit better, but black's pieces are placed
actively here.}) 15. Nd2 Qe5 {Delivering the queen to h5 in order to create
some counterplay.} 16. Nf3 Qh5 17. b3 {Now it's clear, that after 14...Nf8
white's dark-squared bishop will put a strong pressure along the diagonal
a1-h8.} (17. Bd2 Rad8 18. Bc3 Qh6 $14) 17... Ba5 {This move is not that bad,
but it was connected with a wrong strategical idea.} ({I would prefer} 17... d4
$5 18. e4 Ba5 19. Rf1 (19. Bd2 Bxd2 20. Qxd2 Ne6) 19... Bc3 20. Rb1 $14 {
with a slight edge of white.} (20. Bb2 Bxb2 21. Qxb2 Ne6)) 18. Rf1 (18. Re2 $5)
18... g5 $2 {White's position is very solid, so this ''drastic'' attempt to
develop a strong attack cannot be successful!} ({Better was:} 18... Bc7 $142
19. Bb2 N8d7 $14) 19. Bb2 g4 20. Nh4 Bd8 21. Qc3 $1 {Immediately exploiting
the weakness of the long diagonal.} gxh3 {What else?} 22. Bxh3 Ng6 23. Rg1 {
Now it's obvious, that black cannot create any serious threats, while his
minor pieces are practically paralized.} Re5 $2 {This is already the decisive
mistake. Tomasz has probably overlooked my next move.} (23... Nxh4 $2 24. gxh4+
Kf8 25. Ba3+ $18) ({Necessary was:} 23... Ne5 24. Kg2 Nfg4 25. Raf1 Bf6 26. d4
Nd7 27. Nf3 $16 {although black's position remains very hard from strategical
point of view.}) 24. Qb4 $1 {[%csl Rb7,Re5] Winning the material.} Ne4 {
Black is trying to make the things more complicated.} ({Hopeless would be also:
} 24... Rb8 25. Bxe5 Nxe5 26. Qf4 $18) 25. dxe4 ({Good enough was also:} 25.
Qxb7 Nxf2+ 26. Kh2 Bxh4 (26... Nxh3 27. Qxa8 $18) 27. Qxa8+ $18) 25... Bxh4 26.
gxh4 ({Only not} 26. Bxe5 $4 Be7 $19) ({But there was nothing wrong also with} 
26. Qxb7 Rf8 27. gxh4 Rxe4 28. Kg2 Rxh4 29. Qd7 Qe2 30. Bf6 $18) 26... Rxe4 27.
Qc3 (27. Qxb7 Qf3+ 28. Kh2 Rd8 29. Rg3 Qxf2+ 30. Rg2 Qxe3 31. Rf1 $18) 27...
Kf8 ({Black couldn't develop a real attack:} 27... d4 28. exd4 Rxh4 29. Rg3 $18
) (27... Qf3+ 28. Kh2 Qxf2+ 29. Rg2 $18) 28. Rg3 ({Even stronger was:} 28. Rxg6
hxg6 (28... Qxg6 29. Qh8+ Qg8 30. Ba3+ $18) 29. Qg7+ Ke8 (29... Ke7 30. Ba3+
Kd8 31. Qxf7 $18) 30. Qg8+ Ke7 31. Qxa8 Rxh4 32. Qxb7+ $18 {with mate}) 28...
Rxh4 29. Kg2 $6 {A little inaccuracy. However, it doesn't change anything.} ({
At the same time,i could end the game immediately by:} 29. Qh8+ $1 Nxh8 (29...
Ke7 30. Ba3+ Rb4 31. Bxb4+ c5 32. Bxc5#) 30. Ba3+ Rb4 31. Bxb4+ c5 32. Bxc5+
Ke8 33. Rg8#) 29... d4 30. exd4 (30. Qb4+ c5 31. Qxb7 Re8 32. Rf1 $18) 30...
Re8 (30... Rxh3 31. Rxh3 Nf4+ 32. Kh2 Nxh3 33. Qxh3 $18) 31. Ba3+ Kg8 32. Re1 {
Simplifying the position.} Rxe1 33. Qxe1 Qd5+ ({I have calculated the
following variation:} 33... Rxh3 34. Qe8+ Kg7 35. Qf8+ Kf6 36. Qd6+ Kf5 37.
Rxh3 Nh4+ 38. Kh1 Qd1+ 39. Kh2 Nf3+ 40. Kg3 Qg1+ 41. Kxf3 Qg4+ 42. Ke3 Qxh3+
43. f3 $18) 34. Kh2 (34. f3 $18) 34... Qxd4 {Allowing a nice mate.} 35. Qe8+
Kg7 36. Bf8+ Kf6 37. Be7+ ({Or} 37. Qe7+ Nxe7 38. Bg7#) 37... Nxe7 (37... Ke5
38. Bxh4+ $18) 38. Qh8# 1-0

[Event "Olympiad-42"]
[Site "Baku"]
[Date "2016.09.06"]
[Round "5.3"]
[White "Rahman, Ziaur"]
[Black "Bluebaum, Matthias"]
[Result "0-1"]
[WhiteElo "2512"]
[BlackElo "2626"]
[Annotator "Roiz,M"]
[PlyCount "94"]
[EventDate "2016.09.02"]
[EventType "team-swiss"]
[EventRounds "11"]
[EventCountry "AZE"]
[SourceTitle "CBM 175"]
[Source "ChessBase"]
[SourceDate "2016.11.10"]
[SourceVersion "1"]
[SourceVersionDate "2016.11.10"]
[SourceQuality "1"]
[WhiteTeam "Bangladesh"]
[BlackTeam "Germany"]
[WhiteTeamCountry "BAN"]
[BlackTeamCountry "GER"]

1. Nf3 d5 2. g3 Bg4 3. Bg2 e6 4. O-O Nf6 5. c4 c6 6. d3 Be7 {The players are
deviating from the main theoretical lines, and the subsequent position is
almost unexplored.} 7. Qb3 Qc8 $5 ({But} 7... Qb6 {looks somewhat moe natural:}
8. Be3 Qxb3 9. axb3 a6 $11 {, but the higher-rated player is avoiding the
possible simplifications.}) 8. Nc3 O-O 9. Bf4 {The Bf4 is going to be
misplaced.} (9. cxd5 {looks better:} cxd5 (9... exd5 10. e4 dxe4 11. dxe4 Nbd7
12. Be3 $14) 10. Ne5 Nc6 11. Nxg4 Nxg4 $11) 9... Nbd7 10. cxd5 exd5 ({Opening
up the c-file would definitely suit White:} 10... cxd5 $6 11. Rfc1 Nc5 12. Qd1
Qd8 13. Rc2 Qb6 14. Rac1 $14 {Wang,Y (2711)-Lupulescu,C (2643) Bazna 2014}) 11.
Rfc1 $146 {Removing the rook from the k-side is a risky decision.} ({The
previously played} 11. Qc2 {also led White to an inferior position:} Nc5 12.
Nd4 Qd7 13. Rfe1 Rad8 14. Rab1 Bh3 15. b4 Bxg2 16. Kxg2 Ne6 $15 {Rajkovic,D 
(2475)-Huebner,R (2615) Germany 1991}) ({Possibly, the best way of handling
the position would be something like} 11. d4 $5 Nb6 12. Rfe1 $11) 11... Nc5 12.
Qd1 Bh3 ({A stronger move was} 12... Ne6 $1 13. Bd2 Qd8 $15 {, intending to
seize a lot of space by means of d5-d4.}) 13. Bh1 $6 {Returning the favour.} ({
There was no reason to deviate from the exchange of bishops:} 13. b4 $1 Bxg2
14. Kxg2 Ne6 15. Be5 $11 {- in this case White's setup would be justified.})
13... Ne6 14. Bd2 Qd7 $1 {GM Bluebaum reasonably doesn't hurry - White's
position lacks any active ideas now.} ({The over-ambitious} 14... d4 $6 15. Ne4
Nxe4 16. dxe4 $132 {would only help White to consolidate.}) 15. d4 {Obviously,
White's pieces are awkwardly placed, especially after this move.} ({Possibly,
the lesser evil would be} 15. Ng5 Nxg5 16. Bxg5 h6 17. Bxf6 Bxf6 18. d4 $15 {
, simplifying matters.}) 15... Bd6 16. a3 ({Now} 16. Ng5 {can be strongly met
with} Bg4 17. Nxe6 fxe6 $36) 16... Qe7 17. e3 Ne4 18. Bg2 $6 {In comparison to
the previous note, now Black is better prepared for attacking White's monarch.}
({White had to play} 18. Ne5 Nxd2 19. Qxd2 $15 {, hoping to neutralise the
opponent's bishops in the future.}) 18... Bxg2 19. Kxg2 f5 $17 {Now White is
doomed to a passive defence, while most of his pieces are stuck far away from
the king.} 20. Ng1 (20. Ne5 g5 21. f4 Bxe5 22. dxe5 $17 {looks very bad from a
strategic point of view - the Bd2 is like a big pawn!}) 20... g5 21. f3 Nf6 22.
Qc2 $2 {This is already a decisive mistake.} ({The only way to put up
resistance was} 22. f4 g4 23. Nge2 h5 24. Qc2 $17) 22... f4 $1 {Now White's
monarch is helpless.} 23. Re1 (23. Nge2 fxe3 24. Bxe3 Nh5 25. Qd2 Nhg7 26. Rf1
Nf5 27. Rae1 Rae8 28. Bg1 h5 $19 {was completely lost too.}) 23... Rae8 (23...
fxg3 $1 24. hxg3 Bxg3 25. Kxg3 Nh5+ 26. Kg2 g4 $19 {would offer Black a
deicisve attack, but the text move doesn't spoil anything.}) 24. Na4 Qg7 ({
Once again,} 24... fxg3 $1 25. hxg3 Bxg3 26. Kxg3 g4 $19 {was simpler.}) 25.
Nc5 Nxc5 $6 {This move makes Black's task much tougher.} (25... fxg3 $142 26.
hxg3 g4 27. f4 Bxc5 28. dxc5 Qh6 $19) 26. dxc5 Be5 27. exf4 gxf4 28. Rxe5 ({
White could have tried} 28. Bc3 d4 29. Rxe5 Rxe5 30. Bxd4 {, but after} Ree8
31. Ne2 Nd5 $1 32. Bxg7 Ne3+ 33. Kf2 Nxc2 34. Bxf8 Nxa1 {Black should be able
to convert the material advantage into a full point.}) 28... Rxe5 29. Bxf4 Re6
30. Qf5 Rfe8 $1 {Black doesn't need the f-file any longer.} 31. Rd1 Nd7 32. b4
Ne5 {The knight is heading to c4.} 33. Bxe5 Rxe5 34. Qc2 Re3 {The penetration
of Black's major pieces easily decides the game now.} 35. h4 {Desperation.}
Rxa3 36. h5 Rae3 37. b5 R3e5 38. bxc6 bxc6 {The rest was just an agony.} 39.
Qa4 Rg5 40. Qxc6 Rxg3+ 41. Kh2 Rd8 42. Qe6+ Kh8 43. h6 Rg2+ 44. Kh1 Qb2 45. Qh3
Rdg8 46. Qh4 R2g6 47. Ne2 Qf6 0-1